Online
Catalog

De los héroes : (Record no. 20349)

MARC details
000 -CABECERA
campo de control de longitud fija 00785nam a2200229 a 4500
001 - NÚMERO DE CONTROL
campo de control 000020846
005 - FECHA Y HORA DE LA ÚLTIMA TRANSACCIÓN
campo de control 20250128171937.0
008 - DATOS DE LONGITUD FIJA--INFORMACIÓN GENERAL
campo de control de longitud fija 100818s1977 mx 000 0 spa d
040 ## - FUENTE DE LA CATALOGACIÓN
Centro catalogador/agencia de origen DO-SdBNP
Lengua de catalogación spa
Centro/agencia transcriptor BNPHU
082 ## - NÚMERO DE LA CLASIFICACIÓN DECIMAL DEWEY
Número de clasificación 824.8
Número de documento/Ítem C286d, 1977
100 1# - ENTRADA PRINCIPAL--NOMBRE DE PERSONA
Nombre de persona Carlyle, Thomas,
Fechas asociadas al nombre 1795-1881
9 (RLIN) 43698
245 10 - MENCIÓN DE TÍTULO
Título De los héroes :
Resto del título Hombres representativos /
Mención de responsabilidad, etc. Carlyle y Emerson ; Traducciones y estudio preliminar de Jorge Luis Borges.
250 ## - MENCIÓN DE EDICIÓN
Mención de edición 10a ed.
260 ## - PUBLICACIÓN, DISTRIBUCIÓN, ETC.
Lugar de publicación, distribución, etc. México :
Nombre del editor, distribuidor, etc. Cumbre,
Fecha de publicación, distribución, etc. 1977.
300 ## - DESCRIPCIÓN FÍSICA
Extensión xiv, 1-401 p. ;
Dimensiones 21 cm.
490 1# - MENCIÓN DE SERIE
Mención de serie Los clásicos
650 #4 - PUNTO DE ACCESO ADICIONAL DE MATERIA--TÉRMINO DE MATERIA
Término de materia o nombre geográfico como elemento de entrada Ensayos inglés
9 (RLIN) 43699
650 #4 - PUNTO DE ACCESO ADICIONAL DE MATERIA--TÉRMINO DE MATERIA
Término de materia o nombre geográfico como elemento de entrada Literatura inglesa
9 (RLIN) 498
700 1# - PUNTO DE ACCESO ADICIONAL--NOMBRE DE PERSONA
Nombre de persona Borges, Jorge Luis,
Fechas asociadas al nombre 1899-1986
Término indicativo de función/relación tr.
9 (RLIN) 4173
700 1# - PUNTO DE ACCESO ADICIONAL--NOMBRE DE PERSONA
Nombre de persona Emerson, Ralph Waldo,
Fechas asociadas al nombre 1803-1882
9 (RLIN) 43700
830 #0 - PUNTO DE ACCESO ADICIONAL DE SERIE-TÍTULO UNIFORME
Título uniforme Los clásicos
9 (RLIN) 43697
Holdings
Estado de retiro Estado de pérdida Restricciones de uso No para préstamo Código de colección Localización permanente Ubicación/localización actual Ubicación en estantería Fecha de adquisición Número de inventario Total de préstamos Signatura topográfica completa Código de barras Fecha visto por última vez Precio válido a partir de Tipo de ítem Koha Número de copia
      Excluido de préstamo Monografías: Libros y Folletos General General Depósito 21.08.2010 LF1   824.8 C286d, 1977 20846-10 25.06.2020 25.06.2020 No se presta  
  Extraviado   Excluido de préstamo Monografías: Libros y Folletos General General Extraviado 05.06.2017 LF1   824.8 C286d, 1977 20846-20 25.06.2020 25.06.2020 No se presta e. 2

Powered by Koha